000 00693cab a2200229 4500
001 WB3219-51
008 090401t1996 xxu||||| |||| 00| 0 eng d
035 _a(Sirsi) u1933
041 _aeng
245 _aBlots on the landscape
260 _c1996
350 _a0
490 _aIndependent
_vWeekend 11 May 1996, 8(1)
520 _aRecent protests over the proposed development of a mobile home park in the green belt of the New Forest illustrates the lack of planning control over caravan parks.
650 _aCARAVANS
650 _aMOBILE HOMES
650 _aNEW FOREST
650 _aPLANNING CONTROL
690 _aPLANNING LAW AND PRACTICE
942 _n0
948 _c04/03/1997
999 _c1137
_d1137